Flagi państw świata w 1910 roku - Statystyki

Ogólne statystyki
  • Ten quiz został rozwiązany 36 razy
  • Średni wynik to 50 z 71
Statystyki odpowiedzi
Obrazkowy Odpowiedź % Poprawnych
Austro-Węgry
96%
Belgia
96%
Bhutan
96%
Boliwia
96%
Brazylia
96%
Carstwo Bułgarii
96%
Cesarstwo Etiopii
96%
Cesarstwo Japońskie
96%
Cesarstwo Niemieckie
96%
Chile
96%
Dania
96%
Dominikana
96%
Francja
96%
Argentyna
91%
Holandia
91%
Imperium Osmańskie
91%
Imperium Rosyjskie
91%
Kolumbia
91%
Królestwo Grecji
91%
Królestwo Hiszpanii
91%
Królestwo Rumunii
91%
Królestwo Serbii
91%
Królestwo Włoch
91%
Kuba
91%
Liberia
91%
Luksemburg
91%
Australia
87%
Haiti
87%
Honduras
87%
Kostaryka
87%
Królestwo Portugalii
87%
Meksyk
87%
Norwegia
87%
Nowa Zelandia
87%
Panama
87%
Peru
87%
Stany Zjednoczone
87%
Szwajcaria
87%
Szwecja
87%
Wielka Brytania
87%
Gwatemala
83%
Kanada
83%
Nikaragua
83%
Paragwaj
83%
San Marino
83%
Urugwaj
83%
Wenezuela
83%
Kadżarowie
78%
Monako
78%
Afganistan
74%
Związek Południowej Afryki
74%
Dynastia Qing
65%
Liechtenstein
61%
Syjam
61%
Andora
57%
Księstwo Czarnogóry
57%
Salwador
48%
Nowa Fundlandia
35%
Maskat-Oman
22%
Emirat Shammaru
17%
Kreta
13%
Sułtanat Aussy
9%
Sułtanat Darfur
4%
Emirat Rijadu
0%
Górny Asir
0%
Królestwo Hidżazu
0%
Królestwo Mambangu
0%
Królestwo Mbundy
0%
Sułtanat Alawi
0%
Sułtanat Gowy
0%
Sułtanat Sulu
0%
Nie znaleziono quizów pasujących do podanych kryteriów
Rozkład punktacji
Procent ludzi z każdym wynikiem
Percentyl według liczby udzielonych odpowiedzi
Twoja historia wyników
Nie rozwiązałeś tego quizu